Simulating, analyzing, and animating dynamical systems : a guide to XPPAUT for researchers and students /

Guardado en:
Autor Principal: Ermentrout, Bard.
Formato: Libro
Idioma:English
Publicado: Philadelphia : Society for Industrial and Applied Mathematics, c2002.
Series:Software, environments, tools
Materias:
Acceso en línea:Publisher description
Table of contents only
Etiquetas: Agregar Etiqueta
Sin Etiquetas, Sea el primero en etiquetar este registro!
LEADER 01091cam a22002414a 4500
001 MAT.inmabb006463
008 020115s2002####paua#####b####001#0#eng##
005 20130314173202.0
245 1 0 |a Simulating, analyzing, and animating dynamical systems :  |b a guide to XPPAUT for researchers and students /  |c Bard Ermentrout. 
260 |a Philadelphia :  |b Society for Industrial and Applied Mathematics,  |c c2002. 
300 |a xiv, 290 p. :  |b il. ;  |c 26 cm. 
440 0 |a Software, environments, tools 
504 |a Incluye referencias bibliográficas (p. 283-285) e índice. 
510 4 |a MR,  |c 2003i:37085 
020 |a 0898715067 (pbk.) 
100 1 |a Ermentrout, Bard. 
650 0 |a Differential equations  |x Numerical solutions  |x Data processing. 
084 |a 37M05 (34-04 37-04 65Lxx 65Pxx 65Y15)  |2 msc2000 
010 |a  2002017639 
040 |a DLC  |c DLC  |d DLC 
856 4 2 |3 Publisher description  |u http://www.loc.gov/catdir/enhancements/fy0708/2002017639-d.html 
856 4 1 |3 Table of contents only  |u http://www.loc.gov/catdir/enhancements/fy0708/2002017639-t.html 
859 |h 37  |i Er71  |p A-8665  |b BIB. MATEMATICA